Kitab Al-Istabsar (Record no. 873)

MARC details
000 -LEADER
fixed length control field 00599nam a2200241 a 4500
020 ## - INTERNATIONAL STANDARD BOOK NUMBER
ISBN
082 00 - DEWEY DECIMAL CLASSIFICATION NUMBER
Classification number 297.2
Author Cutter TUS
100 ## - MAIN ENTRY--AUTHOR NAME
Author name Tusi, Abu Jafar Mohammad
245 ## - TITLE STATEMENT
Title Kitab Al-Istabsar
260 ## - PUBLICATION, DISTRIBUTION, ETC. (IMPRINT)
Place of publication Lucknow
Name of publisher Gulzar-E-syedi Press
Year of publication 1307
300 ## - PHYSICAL DESCRIPTION
Number of Pages 170p
500 ## - GENERAL NOTE
General note includes index and biblioraphy
505 2# - FORMATTED CONTENTS NOTE
Formatted contents note four parts in two vols.
650 ## - SUBJECT ADDED ENTRY--TOPICAL TERM
Topical Term Islam-Doctrines
942 ## - ADDED ENTRY ELEMENTS (KOHA)
Koha item type Books
700 1# -
-- Tusi, Abu Jafar Mohammad
Holdings
Home library Current library Date acquired Cost, normal purchase price Full call number Accession Number Koha item type
Henry Martyn Institute Library Henry Martyn Institute Library   0.00 297.2 TUS 04306 E-Books
Henry Martyn Institute Library Henry Martyn Institute Library   0.00 297.2 TUS 04307 E-Books
                   Copyright © 2026 | Henry Martyn Institute | Hyderabad | TS-500052 | INDIA | Implemented by hmi.edu.in
Hit-Count:

Powered by Koha